<?xml version="1.0" encoding="UTF-8"?>
<marc:record xmlns:marc="http://www.loc.gov/MARC21/slim">
   <marc:leader>00000nam a2200000 a 4500</marc:leader>
   <marc:datafield ind1=" " ind2=" " tag="653">
      <marc:subfield code="a">Spiel ab 6 Jahren</marc:subfield>
   </marc:datafield>
   <marc:datafield ind1=" " ind2=" " tag="653">
      <marc:subfield code="a">rotes Spiel ab 6 Jahre</marc:subfield>
   </marc:datafield>
   <marc:datafield ind1="0" ind2="0" tag="245">
      <marc:subfield code="a">Lama Express</marc:subfield>
   </marc:datafield>
   <marc:datafield ind1=" " ind2="1" tag="264">
      <marc:subfield code="a">Wien</marc:subfield>
      <marc:subfield code="b">Piatnik</marc:subfield>
      <marc:subfield code="c">2020</marc:subfield>
   </marc:datafield>
   <marc:datafield ind1="1" ind2=" " tag="520">
      <marc:subfield code="a">Auch wenn es auf den bereisten Kontinenten viele Abenteuer zu erleben gibt, wollen die vier Herden nach der Weltreise möglichst schnell wieder zurück nach Hause.&#xD;
&#xD;
Wie gut, dass es dafür zwei flotte Züge gibt. Allerdings kann es auf der Heimreise zu einigen unvorhergesehenen Zwischenstopps und Verzögerungen kommen.&#xD;
664045 Lama Express Inhalt.jpg&#xD;
&#xD;
Die bunten Lamas sind richtige Weltenbummler&#xD;
&#xD;
Ziel des Spiels ist es, eine Reise um das Spielfeld zu absolvieren und anschließend als Erster seine komplette Lama-Herde ins eigene Haus zu bringen.&#xD;
&#xD;
So schön und gemütlich das Bahnfahren auch sein kann, mitunter warten einige Überraschungen auf die Reisenden. Manch ein Lama vergisst dabei beispielsweise das Aussteigen ... und so geht es auf eine weitere Runde mit dem Lama-Express!</marc:subfield>
   </marc:datafield>
   <marc:datafield ind1="3" ind2=" " tag="024">
      <marc:subfield code="a">9001890664045</marc:subfield>
   </marc:datafield>
</marc:record>
